000 00908nam a2200289 i 4500
003 DO-SdBNP
005 20241216134411.0
007 ta
008 241216s2016 dr a 000 j spa d
020 _a9781530792252 (espacio asignado)
020 _a1530792258
040 _aDO-SdBNP
_bspa
_cBNPHU
_erda
082 _aRD863.44
_bC745c
_222
100 1 _aConde Sturla, Pedro,
_d1945-
_928199
_eautor
_4aut.
245 1 4 _aLos cuentos negros /
_cPedro Conde Sturla.
250 _a2a. edición corregida
264 1 _aSanto Domingo :
_b[editor no identificado],
_c©2016.
300 _a132 páginas
_bilustraciones ;
_c22 cm.
336 _atexto
_btxt
_2rdacontent
337 _asin mediación
_bn
_2rdamedia
338 _avolumen
_bnc
_2rdacarrier
590 _aInventariado, 2024/ YL
650 0 _aCuentos dominicanos
_9176
650 0 _aLiteratura dominicana.
_967
910 _aYLockward
942 _2ddc
_cLBS1
999 _c57958
_d57958